[Event "Rennes op 1st"]
[Site "Rennes"]
[Date "2008.07.31"]
[Round "5"]
[White "Charpentier, Maxime"]
[Black "Dupitier, Mickael"]
[Result "1/2-1/2"]
[WhiteElo "1570"]
[BlackElo "1880"]
[PlyCount "92"]
[EventDate "2008.07.28"]
[EventType "swiss"]
[EventRounds "9"]
[EventCountry "FRA"]
[SourceTitle "EXT 2009"]
[Source "ChessBase"]
[SourceDate "2008.11.26"]
[SourceVersion "1"]
[SourceVersionDate "2008.11.26"]
[SourceQuality "1"]

1. e4 c6 2. d4 d5 3. Nc3 dxe4 4. Nxe4 Bf5 5. Ng3 Bg6 6. Nh3 h6 7. Nf4 Bh7 8. Bc4 e6 9. 0-0 Bd6 10. Re1 Bxf4 11. Bxf4 Nf6 12. c3 0-0 13. Nh5 Nxh5 14. Qxh5 Nd7 15. Re3 Bg6 16. Qg4 Nf6 17. Qg3 Nh5 18. Qg4 Nxf4 19. Qxf4 Qb8 20. Qg4 Kh7 21. Rg3 h5 22. Rh3 Rh8 23. Re1 Kg8 24. Qg5 Qd8 25. Rg3 Qxg5 26. Rxg5 Rh6 27. h4 b6 28. Kh2 Kf8 29. Rg3 Bf5 30. Rge3 Ke7 31. d5 cxd5 32. Bxd5 Rd8 33. Bc4 Rhh8 34. Bb3 Rd2 35. R3e2 Rhd8 36. Kg3 Kf6 37. Kf4 b5 38. f3 a5 39. g4 Bg6 40. a4 b4 41. cxb4 R2d4+ 42. Kg3 Rxb4 43. g5+ Ke7 44. Bd1 Rbd4 45. Bb3 Rb8 46. Bd1 Rbd8 1/2-1/2